| 000 | 00369 a2200157 4500 | ||
|---|---|---|---|
| 001 | 68111 | ||
| 020 | _a9783126069816 | ||
| 040 | _cAnchieta - Pituba | ||
| 100 | _aPfeil, Andrea | ||
| 240 | 1 | 0 |
_aUnterrichten mit digitalen medien _ldeu / ger |
| 245 | 1 | 0 | _aUnterrichten mit digitalen medien |
| 300 | _a144 | ||
| 362 | 0 | _a2017 | |
| 650 | 4 | _aLíngua alemã | |
| 942 | _cBK | ||
| 999 |
_c68111 _d68111 |
||